Sports Quiz

Random Sports or Football Quiz

Top XIs: Newcastle United (1990s) Quiz Stats

Quiz not verified by Sporcle

Also try: Spain vs. Italy
Challenge
Share
Tweet
Embed
Score 0/110 Timer 10:00
0 Plays Today
% Correct
Alan Shearer
98.5%
Alan Shearer
98.5%
Alan Shearer
98.5%
Robert Lee
94.5%
Robert Lee
94.5%
Robert Lee
94.5%
Robert Lee
94.5%
Robert Lee
94.5%
Robert Lee
94.5%
Robert Lee
94.5%
Robert Lee
94.5%
Les Ferdinand
94.2%
Les Ferdinand
94.2%
Shay Given
93.4%
Shay Given
93.4%
Peter Beardsley
93.2%
Andy Cole
93.2%
Peter Beardsley
93.2%
Peter Beardsley
93.2%
Pavel Srníček
91.3%
Pavel Srníček
91.3%
Pavel Srníček
91.3%
Pavel Srníček
91.3%
Philippe Albert
89.8%
Philippe Albert
89.8%
David Ginola
89.6%
David Ginola
89.6%
Darren Peacock
87.4%
Darren Peacock
87.4%
Darren Peacock
87.4%
Darren Peacock
87.4%
Gavin Peacock
87%
Gavin Peacock
87%
Gavin Peacock
87%
Shaka Hislop
86.4%
Warren Barton
84.6%
Warren Barton
84.6%
% Correct
Warren Barton
84.6%
Steve Howey
84%
Steve Howey
84%
Steve Howey
84%
Keith Gillespie
82.3%
Keith Gillespie
82.3%
Keith Gillespie
82.3%
John Beresford
80.2%
John Beresford
80.2%
John Beresford
80.2%
John Beresford
80.2%
David Batty
80%
David Batty
80%
Steve Harper
79.5%
Steve Watson
78%
Steve Watson
78%
Steve Watson
78%
Steve Watson
78%
Steve Watson
78%
Lee Clark
75.3%
Lee Clark
75.3%
Lee Clark
75.3%
Lee Clark
75.3%
Gary Speed
75.1%
Gary Speed
75.1%
Nolberto Solano
65%
Nolberto Solano
65%
Barry Venison
64.6%
Barry Venison
64.6%
Barry Venison
64.6%
Kieron Dyer
62.9%
Duncan Ferguson
62.9%
Robbie Elliott
59.9%
John Barnes
59.7%
Nikos Dabizas
59.5%
Nikos Dabizas
59.5%
Jon Dahl Tomasson
56.3%
% Correct
Mick Quinn
55%
Liam O'Brien
52.9%
Liam O'Brien
52.9%
Liam O'Brien
52.9%
Aaron Hughes
52.9%
Ruel Fox
52%
Stuart Pearce
49.5%
Paul Kitson
48.8%
David Kelly
48.6%
David Kelly
48.6%
Marc Hottiger
45.6%
Didier Domi
45.4%
Didier Domi
45.4%
Scott Sellars
44.3%
Alessandro Pistone
41.8%
Dietmar Hamann
38.4%
Paul Bracewell
37.1%
Kevin Scott
34.8%
Tommy Wright
34.8%
Kevin Scott
34.8%
Kevin Scott
34.8%
Kevin Scott
34.8%
John Burridge
34.3%
Stephen Glass
34.3%
Laurent Charvet
33.3%
John Anderson
30.5%
Kevin Sheedy
24.3%
Kevin Brock
23.2%
Kevin Brock
23.2%
Roy Aitken
22.4%
Mark Stimson
13.9%
Mark Stimson
13.9%
Andy Hunt
12.2%
Bjørn Kristensen
11.5%
Kevin Dillon
9.2%
David Roche
6%

You're not logged in!

Compare scores with friends on all Sporcle quizzes.
Sign Up with Email
OR
Log In

You Might Also Like...

Show Comments

Extras

Top Quizzes Today


Score Distribution

Your Account Isn't Verified!

In order to create a playlist on Sporcle, you need to verify the email address you used during registration. Go to your Sporcle Settings to finish the process.